[Event "Campeonato de Aragón por Equipos 2008 "]
[Site "Aragón"]
[Date "2008.03.08"]
[Round "6.41"]
[White "Gavin Roche Enrique"]
[Black "Lopez Guaita Fernando"]
[Result "1/2-1/2"]
[WhiteElo "2278"]
[BlackElo "2065"]

1.d4 d5 2.c4 e6 3.Nc3 Nf6 4.cxd5 exd5 5.Bg5 Be7 6.e3 h6 7.Bf4 O-O 8.Bd3 b6 9.
h3 c5 10.Nf3 Nc6 11.Rc1 Bb7 12.O-O Bd6 13.Be5 Bxe5 14.dxe5 Nd7 15.Nxd5 Ncxe5
16.Be4 Rb8 17.Nc3 Bxe4 18.Nxe4 Nxf3+ 19.Qxf3 Ne5 20.Qf5 Qe7 21.Rfd1 Rbd8 22.
Nc3 Qe6 23.Qxe6 fxe6 24.Nb5 Nd3 25.Rc2 Nb4 26.Rcd2 Rxd2 27.Rxd2 Nxa2 28.Nxa7
Nc1 29.Rd7 c4 30.Rc7 Nd3 31.Rxc4 Rxf2 32.Rd4 Rd2 33.Rd6 Rd1+ 34.Kh2 Nxb2 35.
Rxb6 Nc4 36.Rxe6 Re1 37.e4 Kf7 38.Rc6 Rxe4 39.Nb5 Kg8 40.Rc8+ Kh7 41.Nc3 Rd4
42.Ne2 Rd2 43.Nf4 Ne3 44.Re8 Nf1+ 45.Kg1 Ng3 46.Re7 Nf5 47.Ra7 Kg8 48.Nh5 Re2
49.g4 Ne7 50.Kf1 Re5 51.Kf2 g6 52.Nf4 Kf7 53.Kf3 Kg7 54.h4 g5 55.Nd3 Re6 56.h5
Kf6 57.Ra8 Nd5 58.Nc5 Re3+ 59.Kf2 Re7 60.Ra6+ Ke5 61.Rxh6 Kf4 62.Rd6 Kxg4 63.
Rxd5 Kxh5 64.Nd3 Kg6 65.Ne5+ Kf6 66.Nf3 g4 67.Nh2 Re4 68.Kg3 Ke6 69.Ra5 Re5
70.Ra6+ Kd5 71.Nxg4 Re1 72.Ra5+ Ke6 73.Kf4 Rf1+ 74.Ke4 Re1+ 75.Ne3 Re2 76.Ra6+
Kd7 77.Kd3 Re1 78.Kd4 Ke7 79.Nd5+ Kd7 80.Ra7+ Kd6 81.Ra6+ Kd7 82.Nc3 Rc1 83.
Nb5 Rd1+ 84.Ke5 Rb1 85.Ra7+ Kc6 86.Nd4+ Kb6 87.Ra8 Re1+ 88.Kd6 Kb7 89.Ra2 Rb1
90.Rc2 Rb6+ 91.Nc6 Rb1 92.Nd8+ Kb6 93.Rc6+ Kb5 94.Ne6 Rd1+ 95.Kc7 Rd2 96.Rc5+
Kb4 97.Kc6 Rd1 98.Nf4 Rd8 99.Nd5+ Kb3 100.Rc3+ Kb2 101.Rh3 Rg8 102.Nb6 Kc2
103.Kc5 Kd2 104.Nd5 Ke2 105.Kd4 Rg4+ 106.Ke5 Rg8 107.Nf4+ Kd2 108.Kd4 Rd8+
109.Nd5 Ke2 110.Ra3 Kf2 1/2-1/2

[Event "Campeonato de Aragón por Equipos 2008 "]
[Site "Aragón"]
[Date "2008.03.08"]
[Round "6.42"]
[White "Rodes Apilluelo Jose Maria"]
[Black "Sanz Barrionuevo A"]
[Result "1-0"]
[WhiteElo "2053"]
[BlackElo "2015"]

1.e4 c5 2.d3 Nc6 3.g3 g6 4.Bg2 Bg7 5.c3 e6 6.f4 Nge7 7.Nf3 Qc7 8.O-O O-O 9.Na3
a6 10.Nc2 b5 11.Ne3 d5 12.exd5 exd5 13.d4 c4 14.Nh4 Rd8 15.f5 Qd6 16.Qf3 gxf5
17.Nhxf5 Bxf5 18.Nxf5 Nxf5 19.Qxf5 Qe6 20.Bg5 Rd6 21.Rae1 Qxf5 22.Rxf5 Re6 23.
Ref1 h6 24.Bh4 1-0

[Event "Campeonato de Aragón por Equipos 2008 "]
[Site "Aragón"]
[Date "2008.03.08"]
[Round "6.43"]
[White "Ferrer  Francisco Javier"]
[Black "Bayod Rubia Angel"]
[Result "1-0"]
[WhiteElo "1997"]
[BlackElo "2042"]

1.f4 d5 2.Nf3 Nf6 3.e3 g6 4.b4 Bg7 5.Bb2 O-O 6.d4 c6 7.c4 Be6 8.c5 Bg4 9.h3
Bxf3 10.Qxf3 Ne4 11.g3 a5 12.Nc3 Nxc3 13.Bxc3 axb4 14.Bxb4 Na6 15.Bxa6 Rxa6
16.O-O f5 17.a3 Qd7 18.Ra2 Rfa8 19.Rb1 b5 20.Rf1 Rf8 21.Qd1 Ra4 22.Raf2 Qe6
23.Qd3 Rf6 24.Rf3 Qd7 25.R3f2 Re6 26.Rf3 Re4 27.Rb1 Qe6 28.Rb3 Kf7 29.Rf1 Bf6
30.Kf2 Qc8 31.Qd1 Qf8 32.Rg1 Qh6 33.Qf3 Ke8 34.h4 Qg7 35.Rh1 h5 36.Rd1 Qf7 37.
Rdd3 Qe6 38.Qd1 Qc8 39.Qd2 Qe6 40.Ba5 Qc8 41.Bb6 Kf7 42.Rb4 Ra8 43.a4 Rxa4 44.
Rxa4 bxa4 45.Ra3 Qa6 46.Qd3 Qxd3 47.Rxd3 Re6 48.Ra3 Bg7 49.Rxa4 Bf8 50.Bc7 Bg7
51.Ra8 Bf8 52.Kf3 Bg7 53.Rc8 Bf6 54.Be5 Bg7 55.Rc7 Bf6 56.Rc8 Bg7 57.Ke2 Bxe5
58.dxe5 1-0

[Event "Campeonato de Aragón por Equipos 2008 "]
[Site "Aragón"]
[Date "2008.03.08"]
[Round "6.44"]
[White "Bailo Remacha Santiago"]
[Black "Velamazan Gomez Angel"]
[Result "1-0"]
[WhiteElo "2017"]
[BlackElo "1960"]

1.c4 c5 2.g3 Nc6 3.Bg2 Nf6 4.Nc3 e6 5.d3 Be7 6.a3 O-O 7.Nf3 d5 8.cxd5 exd5 9.
d4 Ne4 10.O-O Rb8 11.Bf4 Bd6 12.Nxd5 Bxf4 13.Nxf4 Nxd4 14.Nxd4 Nxf2 15.Rxf2
cxd4 16.Nd5 Be6 17.Qxd4 Qd6 18.Nf6+ 1-0

[Event "Campeonato de Aragón por Equipos 2008 "]
[Site "Aragón"]
[Date "2008.03.08"]
[Round "6.45"]
[White "Solano Lasierra Javier"]
[Black "Laliena Solares Luis"]
[Result "0-1"]
[WhiteElo "2146"]
[BlackElo "2201"]

1.d4 Nf6 2.c4 e6 3.Nc3 Bb4 4.e3 b6 5.Bd3 Bb7 6.Ne2 Ne4 7.O-O f5 8.Qc2 Nxc3 9.
Nxc3 O-O 10.Bd2 Qh4 11.Nb5 Bxg2 12.f4 Bxf1 13.Bxf1 Nc6 14.d5 Qg4+ 15.Kf2 Bxd2
16.Qxd2 Ne7 17.dxe6 dxe6 18.Qd7 Qh4+ 19.Kg1 Rf6 20.Rd1 Nd5 21.Bg2 Nxe3 22.Bxa8
Qg4+ 23.Kh1 Qxd1+ 24.Qxd1 Nxd1 25.b3 Rg6 26.h3 Nf2+ 27.Kh2 Nd3 0-1

[Event "Campeonato de Aragón por Equipos 2008 "]
[Site "Aragón"]
[Date "2008.03.08"]
[Round "6.46"]
[White "Cobo Garrido Diego Israel"]
[Black "Pellicer Cemeli Jose Luis"]
[Result "1-0"]
[WhiteElo "1989"]
[BlackElo "2073"]

1.e4 d5 2.exd5 Qxd5 3.Nc3 Qd8 4.d4 Nf6 5.Bf4 c6 6.Bc4 Bf5 7.Nf3 e6 8.Qe2 Bb4
9.O-O O-O 10.Bg5 Be7 11.Rad1 h6 12.Bf4 Nd5 13.Nxd5 cxd5 14.Bd3 Bxd3 15.Rxd3
Nc6 16.Ne5 Nxe5 17.Bxe5 Bf6 18.Rg3 g6 19.Qe3 Bxe5 20.dxe5 Kg7 21.Rd1 b6 22.Rd4
Qe7 23.h4 h5 24.Rf4 Qc5 25.Qd2 d4 26.Rg5 Rac8 27.Rf6 Qxc2 28.Qxd4 Rfd8 29.Qb4
Qc5 30.Qe4 Qc2 31.Qb4 Rc5 32.Kh2 Qc4 33.Rf4 Qe2 34.Rf6 Rd7 35.Qf4 Qd3 36.Rg3
Qb1 37.b4 Rc1 38.Rb3 Rh1+ 39.Kg3 Qxa2 40.Rf3 Qd2 41.Rxf7+ Kg8 42.Rf8+ Kh7 43.
Qf7+ 1-0

[Event "Campeonato de Aragón por Equipos 2008 "]
[Site "Aragón"]
[Date "2008.03.08"]
[Round "6.47"]
[White "Felez Casedas Carlos"]
[Black "Gayan Miguel Angel"]
[Result "1-0"]
[WhiteElo "1983"]
[BlackElo "1910"]

1.e4 e6 2.d3 c5 3.Nf3 Nc6 4.g3 d6 5.Bg2 Nf6 6.O-O Be7 7.Re1 e5 8.c3 O-O 9.Nbd2
Re8 10.a4 Qc7 11.Nc4 b6 12.Bg5 h6 13.Bxf6 Bxf6 14.Ne3 Ne7 15.h4 g6 16.Nd2 Bb7
17.Rc1 Rad8 18.c4 Bc8 19.Nb1 Be6 20.Nc3 Kg7 21.Ncd5 Nxd5 22.cxd5 Bc8 23.b4 Ba6
24.Bh3 Bc8 25.Bxc8 Rxc8 26.b5 Qd7 27.Kg2 Ra8 28.Nc4 Reb8 29.Qb3 Be7 30.Ra1 f5
31.Reb1 fxe4 32.dxe4 Rf8 33.a5 Rf6 34.f3 g5 35.axb6 gxh4 36.Rxa7 Rxa7 37.bxa7
Qxa7 38.b6 Qb7 39.Na5 Qa6 40.Qb5 Qc8 41.b7 Qf8 42.b8=Q Qf7 43.Q5e8 1-0

[Event "Campeonato de Aragón por Equipos 2008 "]
[Site "Aragón"]
[Date "2008.03.08"]
[Round "6.48"]
[White "Gimeno Diaz Fernando"]
[Black "Puertolas Serena Arturo"]
[Result "0-1"]
[WhiteElo "1909"]
[BlackElo "1916"]

1.d4 d5 2.Nf3 e6 3.c4 Nf6 4.Nc3 Be7 5.Bg5 O-O 6.e3 h6 7.Bh4 Ne4 8.Bxe7 Qxe7 9.
cxd5 Nxc3 10.bxc3 exd5 11.Bd3 c5 12.O-O Nc6 13.Rb1 Rb8 14.Rb2 c4 15.Bb1 Re8
16.Rb5 Qd6 17.Qc2 g6 18.Qb2 b6 19.Qc1 a6 20.Rb2 Bg4 21.Bc2 b5 22.Nd2 b4 23.Ba4
bxc3 24.Qxc3 Rxb2 25.Qxb2 Rb8 26.Qc3 Bf5 27.f3 Bd3 28.Re1 Nb4 29.Qa3 Qb6 30.
Nb1 Qa5 31.Rc1 Qb6 32.Nc3 Qe6 33.e4 Qb6 34.Nxd5 Qxd4+ 35.Kh1 Nxd5 36.exd5 Qxd5
37.Qe7 Qg5 38.Qe1 Rb2 39.g4 Qf6 40.Qe8+ Kg7 41.Bc6 Qf4 0-1

[Event "Campeonato de Aragón por Equipos 2008 "]
[Site "Aragón"]
[Date "2008.03.08"]
[Round "6.50"]
[White "Garcia Andres Daniel"]
[Black "Abos Rosico Antonio"]
[Result "1-0"]
[WhiteElo "2017"]
[BlackElo "2043"]

1.e4 c5 2.Nc3 Nc6 3.f4 d6 4.Nf3 g6 5.Bc4 Bg7 6.O-O e6 7.d3 Nge7 8.Qe1 O-O 9.f5
exf5 10.Qh4 b5 11.Bxb5 Be6 12.Ng5 h5 13.exf5 Nxf5 14.Rxf5 Bxf5 15.Bxc6 Bd4+
16.Kh1 Rc8 17.Bd5 Qf6 18.Bd2 Rb8 19.Bb3 Be6 20.Nf3 Qxh4 21.Nxh4 d5 22.Nf3 Bf6
23.Bf4 Rb7 24.Be5 Bxe5 25.Nxe5 Rd8 26.Kg1 Kg7 27.Re1 Rd6 28.Ne2 Rc7 29.Nf4 Kf6
30.c3 Kf5 31.g3 h4 32.d4 hxg3 33.hxg3 cxd4 34.cxd4 g5 35.Ne2 Kf6 36.Nc3 a6 37.
Rf1+ Kg7 38.Na4 f6 39.Nd3 Bf7 40.Nac5 Re7 41.Kf2 Bh5 42.Bd1 Bg6 43.Bf3 Be4 44.
Re1 f5 45.Ne5 Kf6 46.Rh1 Kg7 47.Rh5 Rh6 48.Rxg5+ Kf6 49.Rg8 Rh2+ 50.Ke3 Reh7
51.Rg6+ Ke7 52.Rxa6 R7h6 53.Ra7+ Kf6 54.Kf4 Rh7 55.Ra6+ Ke7 56.Re6+ Kd8 57.
Bxe4 fxe4 58.Rd6+ Kc7 59.Rxd5 Rxb2 60.Ne6+ Kb7 61.Kxe4 Rxa2 62.Rd7+ Rxd7 63.
Nxd7 Rg2 64.Kf3 Rd2 65.g4 Kc6 66.Ndc5 Rd1 67.Ke4 Re1+ 68.Kf5 Kd5 69.g5 Rf1+
70.Kg6 Kd6 71.Kg7 Ke7 72.g6 Ke8 73.d5 Rh1 74.Ne4 Ke7 75.N6g5 Rh5 76.d6+ Kd8
77.Kf7 1-0

[Event "Campeonato de Aragón por Equipos 2008 "]
[Site "Aragón"]
[Date "2008.03.08"]
[Round "6.51"]
[White "Gonzalez Gambau Jorge"]
[Black "Diaz Gordo Enrique"]
[Result "1-0"]
[WhiteElo "2039"]
[BlackElo "1500"]

1.e4 e5 2.Nf3 Nc6 3.Bb5 d6 4.d4 Bd7 5.O-O g6 6.Nc3 Bg7 7.dxe5 Nxe5 8.Bxd7+
Qxd7 9.Nd4 Nf6 10.Bg5 h6 11.Bh4 g5 12.Bg3 O-O-O 13.Nf5 Rhg8 14.Qd4 c5 15.Qe3
Nc4 16.Qe2 Qe6 17.Nd5 Nxd5 18.Qxc4 Be5 19.Qxd5 Rge8 20.Qxe6+ Rxe6 21.Bxe5 dxe5
22.Rad1 Rb6 23.Ne7+ Kc7 24.Nd5+ Rxd5 25.Rxd5 Rxb2 26.Rxc5+ Kb6 27.Rxe5 Rxc2
28.Re7 f6 29.Rb1+ Kc6 30.Rexb7 Rxa2 31.Rf7 1-0

[Event "Campeonato de Aragón por Equipos 2008 "]
[Site "Aragón"]
[Date "2008.03.08"]
[Round "6.52"]
[White "Bullon Federico"]
[Black "Yanez Acin Gonzalo"]
[Result "0-1"]
[WhiteElo "1500"]
[BlackElo "1932"]

1.e4 Nf6 2.e5 Nd5 3.c4 Nb6 4.d4 d6 5.Nf3 Bg4 6.Bf4 dxe5 7.Bxe5 Nc6 8.c5 Nd5 9.
Be2 e6 10.a3 Bxf3 11.Bxf3 Nxe5 12.dxe5 Bxc5 13.b4 Bb6 14.Bxd5 Qxd5 15.Qa4+ c6
16.O-O Qxe5 17.Nd2 O-O 18.Nc4 Bxf2+ 19.Kxf2 Qf4+ 20.Kg1 Qd4+ 21.Kh1 Qxc4 22.
Rac1 Qe2 23.Rfe1 Qf2 24.Qd1 Rad8 25.Qa4 Rd2 26.g4 Qg2# 0-1

[Event "Campeonato de Aragón por Equipos 2008 "]
[Site "Aragón"]
[Date "2008.03.08"]
[Round "6.53"]
[White "Veras Sanz Marino"]
[Black "Aparicio Navarro Pedro Jose"]
[Result "1/2-1/2"]
[WhiteElo "2063"]
[BlackElo "2196"]

1.d4 Nf6 2.Nf3 g6 3.g3 Bg7 4.Bg2 O-O 5.O-O d6 6.c4 Nbd7 7.Nc3 e5 8.h3 c6 9.e4
exd4 10.Nxd4 Re8 11.Re1 a5 12.Rb1 Nc5 13.b3 Nfd7 14.Be3 Nb6 15.Qc2 Qc7 16.Rbd1
Bd7 17.Rd2 Rad8 18.Red1 Bc8 19.Kh2 a4 20.Ndb5 cxb5 21.Nxb5 axb3 22.axb3 Qe7
23.Rxd6 Nbd7 24.Na7 b6 25.Nxc8 Rxc8 26.b4 Nf6 27.bxc5 bxc5 28.Bg5 h6 29.Bxf6
Bxf6 1/2-1/2

[Event "Campeonato de Aragón por Equipos 2008 "]
[Site "Aragón"]
[Date "2008.03.08"]
[Round "6.54"]
[White "Munoz Munoz Juan Carlos"]
[Black "Sarto Ramos Angel"]
[Result "0-1"]
[WhiteElo "2137"]
[BlackElo "2058"]

1.d4 d6 2.Nf3 Nf6 3.g3 Bg4 4.Bg2 Qd7 5.h3 Bf5 6.c4 Nc6 7.a3 e5 8.Nc3 h6 9.d5
Na5 10.Nd2 b6 11.e4 Bg6 12.b4 Nb7 13.Nb3 Be7 14.Be3 O-O 15.Qd2 a5 16.O-O Nh7
17.f4 exf4 18.gxf4 Bf6 19.Nd4 Rfe8 20.Qe2 Nf8 21.f5 Bh7 22.Qh5 Bxd4 23.Bxd4 f6
24.Nb5 Rac8 25.Be3 Qf7 26.Qg4 Kh8 27.Nd4 Nd7 28.Bf4 Ne5 29.Bxe5 dxe5 30.Ne6 c5
31.Rfd1 Nd6 32.bxc5 bxc5 33.Bf1 g6 34.Kh2 gxf5 35.exf5 Rg8 36.Qf3 Bxf5 37.Qe3
Qg6 38.Ra2 Be4 39.Nxc5 Rxc5 40.Bd3 Bxd3 41.Rxd3 Rxc4 42.Rdd2 Qg5 43.Qf2 Qf4+
44.Qxf4 Rxf4 45.Rac2 Rd8 46.Rc7 Ne4 47.Rg2 Ng5 48.Rc5 a4 49.Rgc2 Rd4 50.Rc6
Kg7 51.Rf2 Rf4 52.Rxf4 exf4 53.d6 Kg6 54.Kg2 f3+ 55.Kg3 Rxd6 56.Rc4 Rd2 57.h4
Rg2+ 58.Kf4 f2 59.h5+ Kxh5 60.Rc1 Rg1 0-1

[Event "Campeonato de Aragón por Equipos 2008 "]
[Site "Aragón"]
[Date "2008.03.08"]
[Round "6.55"]
[White "Hernandez Gabriel"]
[Black "Sanchez Moreno Jose Carlos"]
[Result "1-0"]
[WhiteElo "2041"]
[BlackElo "2019"]

1.Nf3 Nf6 2.c4 d6 3.g3 e5 4.d3 Nc6 5.Bg2 Be7 6.O-O a5 7.Nc3 O-O 8.b3 Ne8 9.Nd5
Be6 10.Nxe7+ Qxe7 11.d4 exd4 12.Nxd4 Bd7 13.Bb2 Nxd4 14.Qxd4 Bc6 15.Bxc6 bxc6
16.e4 a4 17.b4 a3 18.Bc3 Ra4 19.Qd1 Ra8 20.Re1 Qe6 21.Qb3 Qh3 22.c5 Kh8 23.Re3
f5 24.exf5 Qxf5 25.f4 Nf6 26.Bxf6 Qxf6 27.Rae1 d5 28.Re5 h6 29.Qe3 Rfd8 30.Qd4
Kh7 31.Qd3+ Kg8 32.Re6 Qf7 33.Re7 Qf6 34.R1e6 Qf8 35.Rxc7 Re8 36.Rcxc6 Rxe6
37.Rxe6 Rd8 38.Qd4 Qf5 39.Re2 Ra8 40.b5 Qb1+ 41.Kf2 Qxb5 42.Qxd5+ Kh8 43.Qxa8+
1-0

[Event "Campeonato de Aragón por Equipos 2008 "]
[Site "Aragón"]
[Date "2008.03.08"]
[Round "6.56"]
[White "Martinez Crespo Juan"]
[Black "Requena Munguira Jorge"]
[Result "0-1"]
[WhiteElo "1896"]
[BlackElo "1884"]

1.e4 e5 2.Nf3 Nc6 3.d4 exd4 4.Nxd4 Qf6 5.Be3 Bc5 6.c3 Nge7 7.Na3 O-O 8.Nxc6
Qxc6 9.Bxc5 Qxc5 10.Qd4 Qxd4 11.cxd4 d5 12.e5 Bf5 13.Rd1 f6 14.exf6 Rxf6 15.
Bd3 Rb6 16.Bxf5 Nxf5 17.b3 Re8+ 18.Kf1 Ra6 19.Nb5 Rxa2 20.Nc3 Rc2 21.Rd3 Rc1+
22.Nd1 Re4 0-1

[Event "Campeonato de Aragón por Equipos 2008 "]
[Site "Aragón"]
[Date "2008.03.08"]
[Round "6.57"]
[White "Lafarga Santorroman David"]
[Black "Lucea Valero Alejandro"]
[Result "1/2-1/2"]
[WhiteElo "2278"]
[BlackElo "1965"]

1.e4 d5 2.exd5 Qxd5 3.Nc3 Qa5 4.d4 Nf6 5.Bd2 c6 6.Bc4 Qc7 7.Qe2 Bf5 8.O-O-O e6
9.f3 h5 10.h4 Nbd7 11.Nh3 Bxh3 12.Rxh3 O-O-O 13.Ne4 Bd6 14.Bg5 Bf4+ 15.Kb1
Bxg5 16.hxg5 Nd5 17.g3 N7b6 18.Bb3 Ne7 19.f4 Nf5 20.c3 g6 21.Qf2 Nd5 22.Re1
Nd6 23.Nc5 Nf5 24.Nd3 Rhf8 25.Rhh1 Nb6 26.Re2 Kb8 27.Rhe1 Nd7 28.Bc2 Qb6 29.
Ne5 Ne7 30.Be4 Qc7 31.Nd3 Rc8 32.Qf3 Rcd8 33.Qg2 Qb6 34.Qf2 Qc7 35.Rd2 Qb6 36.
Red1 Qc7 37.Ne5 Nxe5 38.fxe5 Nf5 39.Bxf5 exf5 40.Qe3 Qe7 41.Re1 Rfe8 42.c4 Qe6
43.Qd3 Qe7 44.Qe3 Qe6 45.Qc3 Qe7 46.Qe3 Qe6 47.b3 Rd7 48.Kb2 Red8 49.Red1 Re8
50.Re1 Red8 51.Qf4 a6 52.Kc3 Kc8 53.Kb2 Kb8 54.Rc1 Ka8 55.Rc3 Qe7 56.Qe3 Qe6
57.Rc1 Re8 58.Re1 Red8 59.Rd3 Re8 60.Qf4 Red8 61.Red1 Ka7 62.Qe3 Ka8 63.Qf4
Ka7 64.R1d2 Ka8 65.Qe3 Kb8 66.Rc2 Re8 67.Re2 Red8 68.Kb1 Ka8 69.Red2 Kb8 70.
Re2 Ka8 71.Re1 Kb8 72.Qd2 Ka8 73.Qc3 Qe7 74.Qd2 Qe6 75.Qf4 Kb8 76.Red1 Ka8 77.
Qe3 Kb8 78.Rc1 Re8 79.Re1 Red8 80.Rc1 Re8 81.Re1 Red8 82.Rd2 Ka8 83.Kb2 Kb8
84.Qc3 Qe7 85.Qe3 Qe6 86.Rc1 Re8 1/2-1/2

[Event "Campeonato de Aragón por Equipos 2008 "]
[Site "Aragón"]
[Date "2008.03.08"]
[Round "6.58"]
[White "Carraminana Lopez Luis Antonio"]
[Black "Valles Mata David"]
[Result "1-0"]
[WhiteElo "1958"]
[BlackElo "2107"]

1.e4 e6 2.d4 d5 3.Nd2 c5 4.Ngf3 Nc6 5.c3 Nf6 6.e5 Nd7 7.Bd3 f6 8.exf6 Nxf6 9.
O-O cxd4 10.cxd4 Bd6 11.b3 O-O 12.Bb2 Qc7 13.Rc1 Bd7 14.Ne5 Rae8 15.Ndf3 Re7
16.Qd2 Be8 17.Qf4 Qb8 18.Qh4 g6 19.Rce1 Nh5 20.Bc1 Ng7 21.Ng4 Bf4 22.Ng5 h5
23.Nh6+ Kh8 24.Nhf7+ Rexf7 25.Nxf7+ Rxf7 26.Bxg6 Rf8 27.Bxe8 Nxe8 28.Qxh5+ Kg8
29.Rxe6 Ng7 30.Bxf4 Nxh5 31.Bxb8 Rxb8 32.Rd6 Rd8 33.Rxd8+ Nxd8 34.f4 Kf7 35.g4
Nf6 36.h3 Nc6 37.Rc1 Ne4 38.b4 a6 39.a4 Nd6 40.b5 axb5 41.axb5 Nxb5 42.Rc5 Nc7
43.Kf2 Ke6 44.Ke3 Kd6 45.f5 b6 46.Rc1 Nb5 47.Rb1 Ncxd4 48.f6 Ke6 49.g5 Nf5+
50.Kf4 Nfd6 51.h4 d4 52.h5 Nc3 53.Re1+ Kf7 54.Ke5 d3 55.g6+ Kf8 56.Kxd6 d2 57.
g7+ Kf7 58.Rg1 d1=Q+ 59.Rxd1 Nxd1 60.h6 Nf2 61.h7 Ne4+ 62.Kc6 Nxf6 63.h8=Q 1-0

[Event "Campeonato de Aragón por Equipos 2008 "]
[Site "Aragón"]
[Date "2008.03.08"]
[Round "6.59"]
[White "Cuello Borau Jorge"]
[Black "Minguez A"]
[Result "1-0"]
[WhiteElo "1839"]
[BlackElo "1952"]

1.d4 d5 2.c4 e6 3.Nc3 Nf6 4.Bg5 Nbd7 5.cxd5 exd5 6.Qc2 c6 7.e3 Be7 8.Bd3 h6 9.
Bf4 O-O 10.h3 b6 11.g4 c5 12.Nf3 cxd4 13.Nxd4 Bb7 14.g5 hxg5 15.Bxg5 Nc5 16.
Bf5 Nfe4 17.Nxe4 Nxe4 18.h4 g6 19.Bxe4 dxe4 20.Rg1 Bb4+ 21.Kd1 Qd5 22.h5 f6
23.hxg6 Rac8 24.Qe2 fxg5 25.Qh5 Qd7 26.Rc1 Rxf2 27.Rxc8+ Bxc8 28.g7 Rd2+ 29.
Kc1 Qc7+ 30.Kb1 Rh2 31.Qe8+ Kxg7 32.Rxg5+ 1-0

[Event "Campeonato de Aragón por Equipos 2008 "]
[Site "Aragón"]
[Date "2008.03.08"]
[Round "6.60"]
[White "Vasilev Vas"]
[Black "Gil Luis"]
[Result "1-0"]
[WhiteElo "1925"]
[BlackElo "1733"]

1.d4 Nf6 2.Nf3 d5 3.Bg5 Bf5 4.e3 h6 5.Bh4 e6 6.c4 Nbd7 7.Nc3 c6 8.Qb3 Qb6 9.c5
Qxb3 10.axb3 Be7 11.b4 O-O 12.b5 Rfc8 13.b4 g5 14.Bg3 Nh5 15.Kd2 Nxg3 16.hxg3
Kg7 17.Be2 cxb5 18.Bxb5 Nb8 19.Ra4 a6 20.Rha1 f6 21.Be2 Bg6 22.b5 Be8 23.R4a2
Bd8 24.e4 b6 25.exd5 bxc5 26.dxe6 cxd4 27.Nxd4 a5 28.Nf5+ Kf8 29.Nd5 Ra7 30.b6
Re7 31.Nfxe7 Bxe7 32.Nxe7 Rd8+ 33.Ke1 Kxe7 34.Rxa5 Nc6 35.Ra8 Nd4 36.Rxd8 Nc2+
37.Kd2 Nxa1 38.Rxe8+ 1-0

[Event "Campeonato de Aragón por Equipos 2008 "]
[Site "Aragón"]
[Date "2008.03.08"]
[Round "6.61"]
[White "Navarro Alonso Jorge Luis"]
[Black "Martin Catalan Juan Vicente"]
[Result "1/2-1/2"]
[WhiteElo "2136"]
[BlackElo "2122"]

1.e4 c5 2.Nf3 Nc6 3.d4 cxd4 4.Nxd4 g6 5.Nc3 Bg7 6.Be3 Nf6 7.Bc4 O-O 8.Bb3 d6
9.f3 Bd7 10.Qd2 Qa5 11.O-O-O Rfc8 12.h4 Ne5 13.Bh6 Bxh6 14.Qxh6 Rxc3 15.bxc3
Qxc3 16.Kb1 Nc4 17.Bxc4 Qxc4 18.h5 Rc8 19.hxg6 fxg6 20.Rd2 e5 21.Nb3 Be6 22.g4
Qc3 23.Rhh2 Rc6 24.Rd3 Qb4 25.g5 Bxb3 26.Rxb3 Qe1+ 27.Kb2 Nh5 28.Rxh5 gxh5 29.
g6 hxg6 30.Qxg6+ Kf8 31.Qh6+ Kg8 32.Qxh5 Rxc2+ 1/2-1/2

[Event "Campeonato de Aragón por Equipos 2008 "]
[Site "Aragón"]
[Date "2008.03.08"]
[Round "6.62"]
[White "Barcena Francisco"]
[Black "Pellicer Coloma Pedro"]
[Result "0-1"]
[WhiteElo "1970"]
[BlackElo "1985"]

1.d4 d5 2.c4 e6 3.Nc3 f5 4.Nf3 Nf6 5.Bg5 c6 6.cxd5 exd5 7.g3 Bd6 8.Bg2 O-O 9.
O-O Qe8 10.Bxf6 Rxf6 11.e3 Nd7 12.Rc1 Rh6 13.Nd2 Nf6 14.Re1 g5 15.f4 g4 16.Qb3
Kh8 17.Rc2 b6 18.Nf1 Bb7 19.Nd1 Qe7 20.Nc3 Rd8 21.Rd2 Ne8 22.a3 Re6 23.Qc2 Qf7
24.b4 Bf8 25.Nd1 Nd6 26.Nb2 Rde8 27.Rd3 Bg7 28.Qc1 Nb5 29.Rdd1 Nxd4 30.exd4
Rxe1 31.Rxe1 Rxe1 32.Qd2 Ra1 0-1

[Event "Campeonato de Aragón por Equipos 2008 "]
[Site "Aragón"]
[Date "2008.03.08"]
[Round "6.63"]
[White "Ainsa Ignacio"]
[Black "Gil David"]
[Result "1-0"]
[WhiteElo "1935"]
[BlackElo "1936"]

1.f4 Nf6 2.Nf3 d5 3.b3 g6 4.Bb2 Bg7 5.e3 O-O 6.Be2 c5 7.O-O Nc6 8.c3 Qd6 9.d4
cxd4 10.cxd4 Bg4 11.Ne5 Bxe2 12.Qxe2 Rac8 13.Nc3 Rfd8 14.Rac1 Qe6 15.Ba3 Ne8
16.Rc2 Nd6 17.Rfc1 f6 18.Nd3 b6 19.Qf3 Ne4 20.Nf2 Nxf2 21.Kxf2 Na5 22.Qe2 Qd7
23.Nb1 e5 24.Qa6 Rxc2+ 25.Rxc2 Qf5 26.Qe2 exf4 27.Kg1 fxe3 28.Nc3 Nc6 29.Nb5
Qe6 30.Rc3 Bh6 31.Rd3 Qe4 32.Nc3 Nxd4 33.Nxe4 Nxe2+ 34.Kf1 Nf4 35.Nxf6+ Kg7
36.Rxe3 Rc8 37.Ne8+ Kf7 38.Nd6+ Kf6 39.Nxc8 d4 40.Re1 d3 41.Bc1 Kf5 42.g3 1-0

[Event "Campeonato de Aragón por Equipos 2008 "]
[Site "Aragón"]
[Date "2008.03.08"]
[Round "6.64"]
[White "Pache Marconell Juan Manuel"]
[Black "Solanas Godes Beatriz"]
[Result "1-0"]
[WhiteElo "1510"]
[BlackElo "1792"]

1.d4 d5 2.c4 e6 3.Nf3 Nf6 4.Bf4 Be7 5.Nc3 c6 6.e3 Nbd7 7.h3 O-O 8.Qc2 Re8 9.
Bd3 Nf8 10.O-O Ng6 11.Bh2 Bd6 12.Rad1 Bxh2+ 13.Kxh2 Qc7+ 14.Kg1 dxc4 15.Bxc4
e5 16.Ng5 Re7 17.Nce4 Nd5 18.Bxd5 cxd5 19.Qxc7 Rxc7 20.Nd6 f6 21.Rc1 Rxc1 22.
Rxc1 Bd7 23.Rc7 Nf8 24.Nf3 e4 25.Nd2 b6 26.Nb1 h6 27.Nc3 Be6 28.g4 Rd8 29.Nf5
Rd7 30.Rxd7 Nxd7 31.Nxd5 Kf8 32.Nc3 h5 33.Nxe4 hxg4 34.hxg4 Bxa2 35.f3 Bd5 36.
Nd2 b5 37.b4 Nb8 38.e4 Bb7 39.d5 Na6 40.Nd6 Ba8 41.Nxb5 Nxb4 42.Nxa7 1-0

[Event "Campeonato de Aragón por Equipos 2008 "]
[Site "Aragón"]
[Date "2008.03.29"]
[Round "7.1"]
[White "Mirzoev Azer"]
[Black "Adla Diego Gustavo"]
[Result "0-1"]
[WhiteElo "2518"]
[BlackElo "2491"]

1.d4 Nf6 2.Nf3 e6 3.c4 Bb4+ 4.Bd2 Qe7 5.e3 b6 6.Be2 Bb7 7.O-O O-O 8.Bxb4 Qxb4
9.Qc2 Qe7 10.Nc3 c5 11.dxc5 bxc5 12.Rfd1 Nc6 13.Rac1 Rfd8 14.b3 d6 15.h3 Rac8
16.Qb2 Ba8 17.Bf1 Rb8 18.Qa1 h6 19.Rd2 Nb4 20.Ne1 Ne4 21.Nxe4 Bxe4 22.Be2 a5
23.Bf3 Bxf3 24.Nxf3 a4 25.Rcd1 axb3 26.axb3 Ra8 27.Qc3 Ra6 28.Ne1 Rb8 29.Nd3
Nxd3 30.Rxd3 Rbb6 31.Qc2 Qf6 32.Qd2 Qe5 33.g3 Ra1 34.Rxa1 Qxa1+ 35.Kg2 Qe5 36.
Qd1 Kf8 37.Qf3 g6 38.Qa8+ Kg7 39.Qf3 Ra6 40.Rd1 Ra2 41.Qf4 Qxf4 42.gxf4 Ra6
43.e4 Kf6 44.h4 Ke7 45.h5 gxh5 46.Rh1 Ra3 47.Rh3 h4 48.Kf1 Ra1+ 49.Ke2 Ra2+
50.Kd3 Rxf2 51.Rxh4 Rf3+ 52.Kc2 Re3 53.f5 e5 54.Kd2 Rxb3 55.Rxh6 Rg3 56.Rh8
Kf6 57.Rd8 Kg5 58.Rxd6 Kf4 59.f6 Rg6 60.Kd3 Rh6 61.Rc6 Rh3+ 62.Kd2 Kxe4 63.
Rxc5 Rd3+ 64.Kc2 Rd6 65.Kc3 Rxf6 66.Rc8 Rf1 67.Rd8 Rc1+ 68.Kb4 f5 69.c5 f4 70.
Kb5 f3 71.Rf8 Ke3 72.c6 f2 0-1

[Event "Campeonato de Aragón por Equipos 2008 "]
[Site "Aragón"]
[Date "2008.03.29"]
[Round "7.2"]
[White "Glavina Rossi Pablo"]
[Black "Martinez Martin David"]
[Result "1-0"]
[WhiteElo "2459"]
[BlackElo "2395"]

1.d4 Nf6 2.c4 e6 3.g3 c5 4.d5 exd5 5.cxd5 d6 6.Nc3 g6 7.Nf3 Bg7 8.Bg2 O-O 9.
O-O a6 10.a4 Nbd7 11.Nd2 Re8 12.Ra2 Nh5 13.Qc2 Ne5 14.b3 f5 15.Nc4 f4 16.a5
Bf5 17.Be4 Bh3 18.Bg2 Bf5 19.Qd2 f3 20.Bxf3 Nxf3+ 21.exf3 Qf6 22.Ne4 Bxe4 23.
fxe4 Rxe4 24.Qg5 Qf8 25.f3 Re7 26.g4 Bf6 27.Qh6 Bg7 28.Qg5 Bf6 29.Qd2 Bd4+ 30.
Kg2 Nf6 31.Qg5 Rae8 32.Bf4 Re2+ 33.Rxe2 Rxe2+ 34.Kh3 Qf7 35.Bxd6 Qxd5 36.Qxd5+
Nxd5 37.Rd1 Ne3 38.Rc1 Nxc4 39.bxc4 Kf7 40.Rb1 Ke6 41.Rb6 Kd7 42.Bf4 Kc8 43.
Kh4 Rf2 44.Rb3 Bf6+ 45.g5 Bd8 46.Re3 Rc2 47.Re4 Bxa5 48.Kg3 Bc7 49.Bxc7 Kxc7
50.Re7+ Kb8 51.h4 a5 52.h5 a4 53.Rxh7 gxh5 54.g6 Rc1 55.g7 Rg1+ 56.Kf2 Rg6 57.
Rh8+ Ka7 58.g8=Q Rxg8 59.Rxg8 1-0

[Event "Campeonato de Aragón por Equipos 2008 "]
[Site "Aragón"]
[Date "2008.03.29"]
[Round "7.3"]
[White "Antoli Royo Joaquin Miguel"]
[Black "Moreno Gracia Daniel"]
[Result "1-0"]
[WhiteElo "2308"]
[BlackElo "2188"]

1.Nf3 Nf6 2.c4 e6 3.g3 d5 4.d4 dxc4 5.Bg2 Be7 6.O-O O-O 7.Qc2 a6 8.Qxc4 b5 9.
Qc2 Bb7 10.Bf4 Nc6 11.Nbd2 Rc8 12.Nb3 Nb4 13.Qc1 Bd5 14.Qd1 Be4 15.Nc5 Bxc5
16.dxc5 Qe7 17.a3 Rfd8 18.Qb3 Nbd5 19.Rac1 Nxf4 20.gxf4 Rd5 21.Qb4 Rh5 22.Rfd1
Bc6 23.Qa5 Ra8 24.Rc2 h6 25.Rd4 Rxc5 26.Qb4 Ne4 27.Rxe4 Rxc2 28.Qxe7 Rc1+ 29.
Bf1 Bxe4 30.Ne5 Rf8 31.f3 Bf5 32.Kf2 c5 33.e4 Rc2+ 34.Kg3 Bh7 35.Bh3 c4 36.
Nxf7 1-0

[Event "Campeonato de Aragón por Equipos 2008 "]
[Site "Aragón"]
[Date "2008.03.29"]
[Round "7.4"]
[White "Gonzalvo Lara Victor"]
[Black "Cortes Lizano Jesus"]
[Result "0-1"]
[WhiteElo "2155"]
[BlackElo "2247"]

1.e4 c5 2.Nf3 a6 3.d3 d6 4.h3 Nc6 5.Be2 g6 6.O-O Bg7 7.c3 Nf6 8.Qc2 O-O 9.Be3
b5 10.d4 cxd4 11.Nxd4 Bb7 12.Nxc6 Bxc6 13.Nd2 Qc7 14.Bg5 Qb7 15.Bf3 h6 16.Bxf6
Bxf6 17.Nb3 Qb6 18.Qd2 Kg7 19.Nd4 Bb7 20.g3 Rfc8 21.h4 h5 22.Rad1 Rab8 23.Bg2
a5 24.Kh2 Ba6 25.f4 b4 26.Rfe1 bxc3 27.bxc3 e5 28.fxe5 Bxe5 29.Rb1 Qxb1 30.
Rxb1 Rxb1 31.Qg5 Bxd4 32.cxd4 Rc2 33.e5 Rbb2 34.Qf6+ Kg8 35.Qd8+ Kh7 0-1

[Event "Campeonato de Aragón por Equipos 2008 "]
[Site "Aragón"]
[Date "2008.03.29"]
[Round "7.9"]
[White "Guetas Sanchez Hugo"]
[Black "Colas Longares Rafael P"]
[Result "0-1"]
[WhiteElo "2159"]
[BlackElo "2328"]

1.e4 c5 2.d4 cxd4 3.c3 Nf6 4.e5 Nd5 5.Qxd4 Nc6 6.Qe4 e6 7.Nf3 f5 8.exf6 Nxf6
9.Qc2 d5 10.Bb5 Bd6 11.Bd2 O-O 12.c4 Bd7 13.a3 d4 14.c5 Bc7 15.Bd3 e5 16.Ng5
e4 17.Bc4+ Kh8 18.f4 e3 19.O-O exd2 20.Nxd2 Qe7 21.Ndf3 Bxf4 22.Kh1 g6 23.Bd3
Ng4 24.Rae1 Ne3 25.Nxd4 Bxg5 26.Nxc6 Bxc6 27.Rxe3 Rxf1+ 0-1